1376 1270 1771 1469 1404 1944 1753 1161 1869 1661 1166 1645 1148 1170 1569 1103 1074 1620 1505 1499 1123 1674 1395 1757 1216 1055 1068 1644 1392 1849 1566 1907 1327 1485 1615 1740 1426 1613 1247 1085 1788 1846 1843 1074 1303 1196 1876 1509 1629 1033 1977 1982 1186 1223 1965 1898 1451 1609 1231 1528 1606 1404 1828 1683 1907 1700 1490 1285 1275 1110 1818 1992 1750 1562 1283 1517 1815 1370 1834 1097 1770 1624 1478 1937 1418 1993 1053 1505 1585 1785 1156 1758 1222 1613 1181 1797 1508 1211 1330 BCNSPRNW ULIB Ver.6.0+V

เปลี่ยนเป็นภาษาไทย

Change to English
 แสดงรายละเอียดบรรณานุกรม
  กลับหน้าหลัก

Brief Record : Get Marc (ISO 2709) : E-mail record : QR code < ปิดหน้าต่าง
LEADER : 00000nam 2200000uu 4500
001    13399113842
003     ULIB
008    120110s||||||||th 000 0 tha d
099    วจ.WY18.2^bร212ค
100 0  รวงดี ชีวะสุทโธ
245 00 ความสัมพันธ์ระหว่างคุณภาพการสอนพฤติกรรมการเรียนกับผลสัมฤทธิ์ทางการเรียนของนักศึกษาชั้นปีที่ 3 หลักสูตรพยาบาลศาสตร์บัณฑิต วิทยาลัยพยาบาลบรมราชชนนี ชลบุรี/^cรวงดี ชีวะสุทโธ และ สราญ ฟางทสวัสดิ์
260    ชลบุรี :^bวิทยาลัยพยาบาลบรมราชชนนี ชลบุรี,^c2552
300    78 หน้า :^bตาราง
500    รายงานการวิจัย
650  7 หลัคุณภาพการสอน^xวิจัย
650  7 พฤติกรรมการเรียน^xวิจัย
700 02 สราญ ฟางทสวัสดิ์
710 1  วิทยาลัยพยาบาลบรมราชชนนี ชลบุรี
945    ^p0^l0^i030912
995    ทศพร
999 ^a ทศพร
รายการนี้ยังไม่มีแท็ก
คุณยังไม่ได้ล็อกอิน คุณสามารถมีกิจกรรมร่วมกับเว็บไซต์ได้ แต่ต้องล็อกอินก่อน ::
  ล็อกอิน

รายการสื่อสารสนเทศ

ลำดับที่ ประเภท เลขเรียก/บาร์โค้ด สถานที่ สถานะ
1. งานวิจัย
งานวิจัย
วจ.WY18.2 ร212ค ฉ.1 
  Barcode: 030912
ห้องสมุดวิทยาเขตสวรรค์ประชารักษ์
►วิจัย
บนชั้น

BibComment


ยังไม่เคยถูกคอมเมนท์

คอมเมนท์ทรัพยากรรายการนี้
  คอมเมนท์: ความสัมพันธ์ระหว่..


 Copyright 2026. Bcnsprnw @Library